Prescriptions for the mind (Record no. 51241)
[ view plain ]
| 000 -LEADER | |
|---|---|
| fixed length control field | 01800cam a22003974a 4500 |
| 001 - CONTROL NUMBER | |
| control field | 15179012 |
| 005 - DATE AND TIME OF LATEST TRANSACTION | |
| control field | 20250224174316.0 |
| 008 - FIXED-LENGTH DATA ELEMENTS--GENERAL INFORMATION | |
| fixed length control field | 080212s2008 enk b 001 0 eng |
| 010 ## - LIBRARY OF CONGRESS CONTROL NUMBER | |
| LC control number | 2008006681 |
| 016 7# - NATIONAL BIBLIOGRAPHIC AGENCY CONTROL NUMBER | |
| Record control number | 101466110 |
| Source | DNLM |
| 020 ## - INTERNATIONAL STANDARD BOOK NUMBER | |
| International Standard Book Number | 9780195313833 (alk. paper) |
| 020 ## - INTERNATIONAL STANDARD BOOK NUMBER | |
| International Standard Book Number | 0195313836 (alk. paper) |
| 035 ## - SYSTEM CONTROL NUMBER | |
| System control number | (OCoLC)192042317 |
| 035 ## - SYSTEM CONTROL NUMBER | |
| System control number | (OCoLC)ocn192042317 |
| 040 ## - CATALOGING SOURCE | |
| Original cataloging agency | DNLM/DLC |
| Transcribing agency | DLC |
| Modifying agency | NLM |
| -- | BTCTA |
| -- | BAKER |
| -- | YDXCP |
| -- | C#P |
| -- | DLC |
| 042 ## - AUTHENTICATION CODE | |
| Authentication code | pcc |
| 060 00 - NATIONAL LIBRARY OF MEDICINE CALL NUMBER | |
| Classification number | 2008 J-690 |
| 100 1# - MAIN ENTRY--PERSONAL NAME | |
| Personal name | Paris, Joel, |
| Dates associated with a name | 1940- |
| 245 10 - TITLE STATEMENT | |
| Title | Prescriptions for the mind |
| Medium | [electronic resource] : |
| Remainder of title | a critical view of contemporary psychiatry / |
| Statement of responsibility, etc | Joel Paris. |
| 260 ## - PUBLICATION, DISTRIBUTION, ETC. (IMPRINT) | |
| Place of publication, distribution, etc | Oxford ; |
| -- | New York : |
| Name of publisher, distributor, etc | Oxford University Press, |
| Date of publication, distribution, etc | 2008. |
| 300 ## - PHYSICAL DESCRIPTION | |
| Extent | xv, 247 p. ; |
| Dimensions | 22 cm. |
| 336 ## - CONTENT TYPE | |
| Content Type Term | text |
| 337 ## - MEDIA TYPE | |
| Media Type Term | computer |
| 338 ## - CARRIER TYPE | |
| Carrier Type Term | online resource |
| 504 ## - BIBLIOGRAPHY, ETC. NOTE | |
| Bibliography, etc | Includes bibliographical references (p. 213-234) and index. |
| 505 0# - FORMATTED CONTENTS NOTE | |
| Formatted contents note | Neuroscience and psychiatry -- Psychotherapy and psychiatry -- Diagnosis in psychiatry -- The boundaries of mental disorders -- Mood and mental illness -- Psychiatry's problem children -- Evidence-based psychiatry -- Psychiatric drugs: miracles and limitations -- Talk therapies: the need for a unified method -- Psychiatry in practice -- Training psychiatrists -- Psychiatry and society -- The future of psychiatry. |
| 650 #0 - SUBJECT ADDED ENTRY--TOPICAL TERM | |
| Topical term or geographic name as entry element | Psychiatry |
| General subdivision | Philosophy. |
| 650 #0 - SUBJECT ADDED ENTRY--TOPICAL TERM | |
| Topical term or geographic name as entry element | Psychotherapy |
| General subdivision | Methodology. |
| 650 12 - SUBJECT ADDED ENTRY--TOPICAL TERM | |
| Topical term or geographic name as entry element | Psychiatry |
| General subdivision | methods. |
| 650 22 - SUBJECT ADDED ENTRY--TOPICAL TERM | |
| Topical term or geographic name as entry element | Mental Disorders. |
| 655 ## - INDEX TERM--GENRE/FORM | |
| Genre/form data or focus term | electronic books |
| 856 ## - ELECTRONIC LOCATION AND ACCESS | |
| Uniform Resource Identifier | <a href="https://drive.google.com/file/d/1pbv7syICINf6gCzQXBlT2J9acBRmvLXr/view?usp=sharing">https://drive.google.com/file/d/1pbv7syICINf6gCzQXBlT2J9acBRmvLXr/view?usp=sharing</a> |
| 906 ## - LOCAL DATA ELEMENT F, LDF (RLIN) | |
| a | 7 |
| b | cbc |
| c | orignew |
| d | 1 |
| e | ecip |
| f | 20 |
| g | y-gencatlg |
| 942 ## - ADDED ENTRY ELEMENTS (KOHA) | |
| Source of classification or shelving scheme | Library of Congress Classification |
| Item type | eBooks |
| Withdrawn status | Lost status | Source of classification or shelving scheme | Damaged status | Not for loan | Home library | Current library | Date acquired | Inventory number | Total Checkouts | Date last seen | Price effective from | Koha item type |
|---|---|---|---|---|---|---|---|---|---|---|---|---|
| Library of Congress Classification | BSOP Library | Digital Library | 05/08/2024 | eB-00194 | 05/08/2024 | 05/08/2024 | eBooks |
